000
00216nam a22000857a 4500
008
161116b xxu||||| |||| 00| 0 eng d
100
_9
1244
_a
BPI India
245
_a
Hansel and Gretel
260
_a
New Delhi
_b
BPI India
_c
2011
999
_c
3949
_d
3949